Nové trendy v marketingovej komunikácii bakalárska práca

Enregistré dans:
Détails bibliographiques
Auteur principal: Brúderová, Lucia
Collectivité auteur: Obchodná fakulta EU. Katedra marketingu
Autres auteurs: Dražová, Katarína
Format: Livre
Langue:slovaque
Publié: Bratislava 2012
Tags: Ajouter un tag
Pas de tags, Soyez le premier à ajouter un tag!

MARC

LEADER 00000nbm a2200000 4500
001 0154573
005 20161109111852.2
041 0 |a slo 
044 |a SK 
245 1 0 |a Nové trendy v marketingovej komunikácii  |b bakalárska práca  |c Lucia Brúderová ; školiteľ: Katarína Dražová 
264 1 |a Bratislava  |c 2012 
300 |a 41 s. 
100 1 |a Brúderová, Lucia 
700 1 |a Dražová, Katarína 
710 2 |a Obchodná fakulta EU. Katedra marketingu